000 00862nas a2200289 4500
001 BR0405182
003 BR-BrBNA
005 20231205104940.0
007 ta
008 230509b bl.|||p| |||| 00| 00por d
040 _aBR-BrBNA
_bpor
_cBiblioteca Nacional de Agricultura
041 _a(Pt)
072 _aH10; H60
100 1 _aEvangelista Júnior, W.S.
100 1 _aGondim Júnior, M.G.C.
100 1 _aTorres, J.B.
100 1 _aMarques, E.J.
245 1 _aFitofagia de Podisus nigrispinus em algodoeiro e plantas daninhas
650 _aALGODÃO
650 _aPODISUS
650 _aERVA DANINHA
650 _aCONTROLE BIOLÓGICO
650 _aBIOLOGIA
773 0 _tPesquisa Agropecuária Brasileira (Brazil)
_xISSN 0100-204X
_g(May 2004), v. 39(5) p. 413-420
_wBR0405182
909 _a202311
_bLúcia
_c55
_dLúcia Elande
942 _2AGRIS
_n0
_cANA
999 _c180440
_d180440